[Event "GER-chT U12"]
[Site "Magdeburg"]
[Date "2019.12.29"]
[Round "5.9"]
[White "Chugunov, Ivan"]
[Black "Atar, Efecan"]
[Result "1-0"]
[WhiteElo "1383"]
[BlackElo "1417"]
[PlyCount "91"]
[EventDate "2019.12.27"]
[EventType "team-swiss"]
[EventRounds "7"]
[EventCountry "GER"]
[SourceTitle "CBM 194 Extra"]
[Source "ChessBase"]
[SourceDate "2020.03.31"]
[SourceVersion "1"]
[SourceVersionDate "2020.03.31"]
[SourceQuality "1"]
[WhiteTeam "Ostfildern"]
[BlackTeam "Kerpen SK"]
[WhiteTeamCountry "GER"]
[BlackTeamCountry "GER"]

1. e4 e5 2. Nf3 Nc6 3. Bc4 Nf6 4. d3 Be7 5. c3 d6 6. Bb3 Be6 7. Ng5 Bxb3 8. Qxb3 0-0 9. Nd2 Na5 10. Qc2 b6 11. Ngf3 Qd7 12. Nf1 Nh5 13. Ng3 Qg4 14. 0-0 Nxg3 15. fxg3 f5 16. exf5 Rxf5 17. Bd2 Raf8 18. Rae1 Nc6 19. Qb3+ Kh8 20. Qd5 Nd8 21. Re4 Qg6 22. Qc4 c6 23. Qa4 a5 24. Rfe1 Qe6 25. d4 Bf6 26. dxe5 dxe5 27. Nd4 exd4 28. Rxe6 Nxe6 29. h3 dxc3 30. Bxc3 Bxc3 31. bxc3 Nd8 32. Qe4 Rc5 33. Qe7 Kg8 34. Rd1 Nf7 35. Rd3 Re5 36. Qc7 Re1+ 37. Kh2 Ne5 38. Rd8 Nf3+ 39. gxf3 Re2+ 40. Kg1 Rxa2 41. Rxf8+ Kxf8 42. Qd6+ Kf7 43. Qxc6 Ra1+ 44. Kf2 Ra3 45. Qd7+ Kg8 46. Qe8# 1-0

[Event "GER-chT U12"]
[Site "Magdeburg"]
[Date "2019.12.28"]
[Round "3.10"]
[White "Atar, Efecan"]
[Black "Wedekind, Ferdinand"]
[Result "1-0"]
[WhiteElo "1417"]
[BlackElo "1215"]
[PlyCount "47"]
[EventDate "2019.12.27"]
[EventType "team-swiss"]
[EventRounds "7"]
[EventCountry "GER"]
[SourceTitle "CBM 194 Extra"]
[Source "ChessBase"]
[SourceDate "2020.03.31"]
[SourceVersion "1"]
[SourceVersionDate "2020.03.31"]
[SourceQuality "1"]
[WhiteTeam "Kerpen SK"]
[BlackTeam "Erlangen"]
[WhiteTeamCountry "GER"]
[BlackTeamCountry "GER"]

1. d4 d5 2. c4 e6 3. Nc3 Nf6 4. cxd5 exd5 5. Bg5 Be7 6. e3 0-0 7. Bd3 Re8 8. Nge2 Nc6 9. 0-0 Bg4 10. Qc2 Qd7 11. a3 Rad8 12. Nf4 h6 13. Bxf6 Bxf6 14. Nfxd5 Qd6 15. Bf5 Bxf5 16. Qxf5 Ne7 17. Nxf6+ gxf6 18. Qg4+ Kh7 19. Ne4 Qb6 20. b4 f5 21. Qf3 fxe4 22. Qxf7+ Kh8 23. Rac1 Rd7 24. Qxe8+ 1-0

[Event "GER-chT U12"]
[Site "Magdeburg"]
[Date "2019.12.28"]
[Round "4.8"]
[White "Marcziter, Alex"]
[Black "Atar, Efecan"]
[Result "1-0"]
[WhiteElo "1335"]
[BlackElo "1417"]
[PlyCount "61"]
[EventDate "2019.12.27"]
[EventType "team-swiss"]
[EventRounds "7"]
[EventCountry "GER"]
[SourceTitle "CBM 194 Extra"]
[Source "ChessBase"]
[SourceDate "2020.03.31"]
[SourceVersion "1"]
[SourceVersionDate "2020.03.31"]
[SourceQuality "1"]
[WhiteTeam "Porz SG"]
[BlackTeam "Kerpen SK"]
[WhiteTeamCountry "GER"]
[BlackTeamCountry "GER"]

1. e4 e5 2. Nf3 Nc6 3. Bc4 Nf6 4. Ng5 d5 5. exd5 Na5 6. Bb5+ c6 7. dxc6 bxc6 8. Be2 h6 9. Nf3 e4 10. Ne5 Bd6 11. d4 exd3 12. Nxd3 0-0 13. 0-0 Qc7 14. h3 c5 15. b3 Bb7 16. Bf3 Rad8 17. Nd2 Bxf3 18. Qxf3 c4 19. bxc4 Nxc4 20. Nxc4 Qxc4 21. Bxh6 Ba3 22. Qg3 Ne8 23. Rfe1 Qc3 24. Rad1 Qxc2 25. Bg5 Rd4 26. Qf3 Nd6 27. Nf4 Nf5 28. Rxd4 Nxd4 29. Qxa3 Qf5 30. Qd3 Qa5 31. Rd1 1-0